000
00287nam a2200109Ia 4500
008
200302s9999 xx 000 0 und d
100
_a
Doreen Yarwook
245
_a
A Chronology of Western Architecture
260
_b
Dover Publication Inc mineola /New Yark
260
_c
2010
300
_a
224
999
_c
3328
_d
3328